01072nam a2200241 i 4500001000300000245023400003260002900237300002900266490006700295504002400362650004600386650004100432650003700473700002500510700003000535830006700565020001500632040000800647041000700655080002900662008004100691856009800732bg70aSensitivity analysis and optimization with numerical methods :bpresented at The Winter Annual Meeting of the American Society of Mechanical Engineers, Dallas, Texas November 25-3-, 1990 /ced. by Sunil Saigal, Subrata Mukherjee. aNew York :bASME,c1990. a145 s. :brys. ;c24 cm.1 aAMD / The American Society of Mechanical Engineers ;vvol. 115 aBibliogr. przy ref. 9aAnaliza numerycznaxstosowaniexmechanika 9aOptymalizacjaxstosowaniexmechanika 9aMetoda elementów skończonych1 aSAIGAL, Sunil.eRed.1 aMUKHERJEE, Subrata.eRed. 0aAMD (The American Society of Mechanical Engineers) ;vvol. 115 a0791805956 cBPK0 aen a519.61/.65:519.8]:621.01 s pl f |000 0 pol  uhttp://koha.tu.koszalin.pl/cgi-bin/koha/opac-detail.pl?biblionumber=30591yKatalog online BPK